000
00302nam a22001337a 4500
008
170908b xxu||||| |||| 00| 0 eng d
020
_a
9780736277563
041
_a
eng
080
_a
91
100
_a
42
101
_a
GEO
245
_a
LIFR SCIENCE NATIONAL GEOGRAPHUC
_c
BELL.R
942
_2
udc
_c
BK
999
_c
26853
_d
26853